| 000 | 00730nam a2200265Ia 4500 | ||
|---|---|---|---|
| 008 | 170203s9999 xx 000 0 und d | ||
| 020 | _a9628824058 | ||
| 050 | _a0 30 | ||
| 050 | _bT583h 2005 | ||
| 245 | _aHuman body / | ||
| 245 | _cseries editor, Jean Burke Crawford ; associate editor/research and writing, Mary Saxton | ||
| 260 | _aAlexandria, Va : | ||
| 260 | _bTime-Life Books, | ||
| 260 | _c2005 | ||
| 300 | _a128 pages : | ||
| 300 | _bcolor illustrations ; | ||
| 300 | _c29 cm. | ||
| 440 | _aTime-Life student library. | ||
| 650 | _aHuman anatomy. | ||
| 650 | _aHuman body -- | ||
| 650 | _aHuman body. | ||
| 650 | _aHuman physiology. | ||
| 650 | _aPhysiology. | ||
| 650 | _xJuvenile literature. | ||
| 999 |
_c305805 _d305805 |
||